Využitie dát získaných z finančného modulu informačného systému pre podporu rozhodovania diplomová práca

Salvato in:
Dettagli Bibliografici
Autore principale: Kleinová, Tatiana
Ente Autore: Fakulta podnikového manažmentu EU. Katedra informačného manažmentu
Altri autori: Černý, Matej, 1982-
Natura: Libro
Lingua:slovacco
Pubblicazione: Bratislava 2022
Tags: Aggiungi Tag
Nessun Tag, puoi essere il primo ad aggiungerne!!

MARC

LEADER 00000nbm a2200000 4500
001 0285624
005 20230331114418.2
041 0 |a slo 
044 |a SK 
245 1 0 |a Využitie dát získaných z finančného modulu informačného systému pre podporu rozhodovania  |b diplomová práca  |c Tatiana Kleinová ; školiteľ: Matej Černý 
264 1 |a Bratislava  |c 2022 
300 |a 81 s. 
100 1 |a Kleinová, Tatiana 
700 1 |a Černý, Matej, 1982- 
710 2 |a Fakulta podnikového manažmentu EU. Katedra informačného manažmentu